000 00767nam a2200253Ia 4500
003 OSt
005 20221006143004.0
006 a|||||r|||| 00| 0
007 ta
008 221006b |||||||| |||| 00| 0 eng d
020 _cY4800
024 _a7,734
037 _bGift, Japan Foundation
_cTextual
040 _aEASL
_cEASL
_beng
041 _2eng
_aeng
082 _aY:5v42.M5, L5
100 _aHARGUCHI Torao etc. Tr.
_9648900
245 0 _aStatus system and social organization of satsuma
260 _aTokyo
_bUniversity of Tokyo
_c1975
300 _a157p.
_ccm.
490 _aSatsuma Historical Document series No.1
942 _hY:5v42.M5, L5
_cTEXL
_2CC
999 _c1075820
_d1075820